000 00307nam a2200133 i 4500
001 bg
100 1 _aKRASNODĘBSKI, Z.
245 0 _aUpadek idei postępu /
_cZ. Krasnodębski.
260 _aWarszawa,
_c1991.
040 _cBPK
041 _apol
942 _cKS
008 s pl f |000 0 pol
999 _c29388
_d29388
856 _uhttp://koha.tu.koszalin.pl/cgi-bin/koha/opac-detail.pl?biblionumber=29388
_yKatalog online BPK